NFL Running Backs Drafted Since 2018 - Statistics

General Stats
  • This quiz has been taken 109 times
  • The average score is 48 of 143
Answer Stats
Year Pick Draft Team College Player % Correct
2023 Round 1 Pick 8 Falcons Texas Bijan Robinson
89%
2022 Round 3 Pick 98 Commanders Alabama Brian Robinson Jr.
89%
2024 Round 5 Pick 167 Jaguars Texas Keilan Robinson
89%
2023 Round 1 Pick 12 Lions Alabama Jahmyr Gibbs
85%
2022 Round 2 Pick 36 Jets Iowa State Breece Hall
82%
2024 Round 4 Pick 125 Buccaneers Oregon Bucky Irving
80%
2022 Round 2 Pick 63 Bills Georgia James Cook
80%
2022 Round 5 Pick 164 Rams Notre Dame Kyren Williams
80%
2018 Round 7 Pick 226 Broncos Arkansas David Williams
78%
2019 Round 6 Pick 194 Packers Notre Dame Dexter Williams
78%
2021 Round 2 Pick 35 Broncos North Carolina Javonte Williams
78%
2019 Round 6 Pick 182 Bengals Texas A&M Trayveon Williams
78%
2023 Round 3 Pick 84 Dolphins Texas A&M De'Von Achane
77%
2022 Round 2 Pick 41 Seahawks Michigan State Kenneth Walker
77%
2021 Round 1 Pick 24 Steelers Alabama Najee Harris
77%
2021 Round 1 Pick 25 Jaguars Clemson Travis Etienne
77%
2019 Round 3 Pick 87 Patriots Alabama Damien Harris
76%
2022 Round 6 Pick 183 Patriots South Carolina Kevin Harris
76%
2022 Round 3 Pick 91 Buccaneers Arizona State Rachaad White
76%
2018 Round 1 Pick 2 Giants Penn State Saquon Barkley
76%
2022 Round 4 Pick 122 Raiders Georgia Zamir White
76%
2022 Round 7 Pick 250 Raiders UCLA Brittain Brown
67%
2023 Round 5 Pick 163 Bengals Illinois Chase Brown
67%
2020 Round 2 Pick 41 Colts Wisconsin Jonathan Taylor
67%
2024 Round 3 Pick 83 Rams Michigan Blake Corum
66%
2024 Round 2 Pick 46 Panthers Texas Jonathon Brooks
66%
2018 Round 2 Pick 43 Lions Auburn Kerryon Johnson
66%
2023 Round 4 Pick 115 Bears Texas Roschon Johnson
66%
2019 Round 6 Pick 186 Lions Maryland Ty Johnson
66%
2020 Round 2 Pick 35 Lions Georgia D'Andre Swift
63%
2019 Round 1 Pick 24 Raiders Alabama Josh Jacobs
62%
2023 Round 2 Pick 52 Seahawks UCLA Zach Charbonnet
62%
2024 Round 4 Pick 134 Jets Wisconsin Braelon Allen
61%
2018 Round 2 Pick 35 Browns Georgia Nick Chubb
61%
2021 Round 4 Pick 126 Panthers Oklahoma State Chuba Hubbard
59%
2022 Round 7 Pick 251 Chiefs Rutgers Isiah Pacheco
59%
2020 Round 2 Pick 55 Ravens Ohio State J.K. Dobbins
58%
2018 Round 2 Pick 38 Buccaneers USC Ronald Jones II
57%
2020 Round 1 Pick 32 Chiefs LSU Clyde Edwards-Helaire
56%
2019 Round 3 Pick 73 Bears Iowa State David Montgomery
56%
2023 Round 3 Pick 88 Jaguars Auburn Tank Bigsby
54%
2024 Round 5 Pick 166 Giants Purdue Tyrone Tracy
54%
2024 Round 5 Pick 173 Jets South Dakota State Isaiah Davis
53%
2024 Round 4 Pick 128 Bills Kentucky Ray Davis
53%
2023 Round 3 Pick 81 Titans Tulane Tyjae Spears
49%
2021 Round 4 Pick 120 Patriots Oklahoma Rhamondre Stevenson
48%
2024 Round 3 Pick 66 Cardinals Florida State Trey Benson
48%
2022 Round 4 Pick 107 Texans Florida Dameon Pierce
46%
2024 Round 4 Pick 127 Eagles Clemson Will Shipley
46%
2021 Round 6 Pick 194 49ers Louisiana Elijah Mitchell
43%
2020 Round 2 Pick 62 Packers Boston College AJ Dillon
42%
2019 Round 2 Pick 53 Eagles Penn State Miles Sanders
42%
2024 Round 4 Pick 129 49ers Louisville Isaac Guerendo
39%
2019 Round 3 Pick 102 Vikings Boise State Alexander Mattison
38%
2022 Round 5 Pick 156 Browns Cincinnati Jerome Ford
38%
2018 Round 1 Pick 27 Seahawks San Diego State Rashaad Penny
38%
2018 Round 1 Pick 31 Patriots Georgia Sony Michel
38%
2019 Round 4 Pick 128 Cowboys Memphis Tony Pollard
38%
2020 Round 3 Pick 86 Bills Utah Zack Moss
38%
2020 Round 2 Pick 52 Rams Florida State Cam Akers
35%
2018 Round 4 Pick 126 Falcons Southern Miss Ito Smith
35%
2019 Round 4 Pick 113 Ravens Oklahoma State Justice Hill
35%
2021 Round 7 Pick 256 Packers Mississippi State Kylin Hill
35%
2019 Round 3 Pick 74 Bills Florida Atlantic Devin Singletary
34%
2024 Round 4 Pick 120 Dolphins Tennessee Jaylen Wright
34%
2020 Round 3 Pick 66 Commanders Memphis Antonio Gibson
33%
2022 Round 5 Pick 151 Falcons BYU Tyler Allgeier
33%
2021 Round 5 Pick 150 Eagles Memphis Kenneth Gainwell
32%
2022 Round 5 Pick 169 Vikings North Carolina Ty Chandler
30%
2024 Round 5 Pick 147 Broncos Notre Dame Audric Estime
29%
2023 Round 6 Pick 212 Cowboys Kansas State Deuce Vaughn
29%
2020 Round 3 Pick 76 Buccaneers Illinois Ke'Shawn Vaughn
29%
2019 Round 3 Pick 70 Rams Memphis Darrell Henderson
27%
2018 Round 7 Pick 251 Chargers Northwestern Justin Jackson
27%
2023 Round 3 Pick 71 Saints TCU Kendre Miller
27%
2024 Round 3 Pick 88 Packers USC MarShawn Lloyd
27%
2021 Round 4 Pick 107 Jets North Carolina Michael Carter
27%
2022 Round 5 Pick 154 Jaguars Ole Miss Snoop Conner
27%
2024 Round 6 Pick 181 Chargers Troy Kimani Vidal
25%
2020 Round 4 Pick 120 Jets Florida La'Mical Perine
24%
2018 Round 4 Pick 104 Colts NC State Nyheim Hines
22%
2021 Round 3 Pick 88 49ers Ohio State Trey Sermon
20%
2021 Round 6 Pick 217 Bears Virginia Tech Khalil Herbert
19%
2019 Round 4 Pick 112 Commanders Stanford Bryce Love
18%
2023 Round 6 Pick 193 Commanders Kentucky Chris Rodriguez
18%
2018 Round 2 Pick 59 Commanders LSU Derrius Guice
18%
2022 Round 4 Pick 131 Titans Michigan Hassan Haskins
16%
2018 Round 6 Pick 201 Saints Louisiana Tech Boston Scott
15%
2023 Round 7 Pick 237 Seahawks Georgia Kenny McIntosh
15%
2022 Round 3 Pick 93 49ers LSU Tyrion Davis-Price
15%
2023 Round 5 Pick 172 Giants Oklahoma Eric Gray
14%
2019 Round 4 Pick 122 Steelers Kentucky Benny Snell Jr.
11%
2021 Round 6 Pick 202 Bengals Michigan Chris Evans
11%
2020 Round 3 Pick 93 Titans Appalachian State Darrynton Evans
11%
2024 Round 6 Pick 208 Raiders New Hampshire Dylan Laube
11%
2018 Round 6 Pick 176 Rams Tennessee John Kelly
11%
2022 Round 6 Pick 201 Cardinals USC Keaontay Ingram
11%
2022 Round 4 Pick 127 Patriots South Dakota State Pierre Strong
11%
2024 Round 5 Pick 165 Ravens Marshall Rasheen Ali
11%
2018 Round 3 Pick 71 Broncos Oregon Royce Freeman
11%
2023 Round 6 Pick 215 Rams Ole Miss Zach Evans
11%
2020 Round 4 Pick 144 Seahawks Miami DeeJay Dallas
9%
2022 Round 4 Pick 123 Chargers Texas A&M Isaiah Spiller
9%
2023 Round 5 Pick 143 Jets Pittsburgh Israel Abanikanda
9%
2018 Round 7 Pick 236 Cowboys Alabama Bo Scarbrough
8%
2019 Round 6 Pick 214 Chiefs Utah State Darwin Thompson
8%
2023 Round 7 Pick 222 Vikings UAB DeWayne McBride
8%
2019 Round 6 Pick 204 Seahawks Miami Travis Homer
8%
2022 Round 6 Pick 196 Ravens Missouri Tyler Badie
8%
2020 Round 7 Pick 222 Cardinals Arizona State Eno Benjamin
6%
2023 Round 5 Pick 176 Colts Northwestern Evan Hull
6%
2021 Round 7 Pick 233 Rams Maryland Jake Funk
6%
2021 Round 7 Pick 257 Lions Oregon State Jermar Jefferson
6%
2019 Round 7 Pick 234 Dolphins Washington Myles Gaskin
6%
2020 Round 4 Pick 124 Steelers Maryland Anthony McFarland Jr.
5%
2018 Round 4 Pick 134 Cardinals Fordham Chase Edmonds
5%
2021 Round 6 Pick 196 Giants Arizona Gary Brightwell
5%
2024 Round 6 Pick 186 Falcons Alabama Jase McClellan
5%
2024 Round 6 Pick 205 Texans Louisville Jawhar Jordan
5%
2020 Round 4 Pick 112 Chargers UCLA Joshua Kelley
5%
2021 Round 4 Pick 119 Vikings Iowa State Kene Nwangwu
5%
2021 Round 6 Pick 211 Browns UCLA Demetric Felton
4%
2019 Round 5 Pick 152 Falcons Pittsburgh Qadree Olliison
4%
2020 Round 7 Pick 245 Buccaneers Louisiana Raymond Calais
4%
2022 Round 7 Pick 260 Chargers Purdue Zander Horvath
4%
2019 Round 7 Pick 233 Dolphins Auburn Chandler Cox
3%
2019 Round 7 Pick 220 Texans Texas A&M Cullen Gillaspia
3%
2020 Round 5 Pick 172 Lions New Mexico State Jason Huntley
3%
2018 Round 4 Pick 131 Dolphins Arizona State Kalen Ballage
3%
2019 Round 7 Pick 222 Bears Florida Atlantic Kerrith Whyte Jr.
3%
2023 Round 7 Pick 235 Packers Central Michigan Lew Nichols
3%
2019 Round 7 Pick 218 Cowboys Ohio State Mike Weber
3%
2019 Round 5 Pick 140 Jaguars Temple Ryquell Armstead
3%
2018 Round 6 Pick 204 Jets Virginia State Trenton Cannon
3%
2022 Round 6 Pick 203 Bears Baylor Trestan Ebner
3%
2021 Round 7 Pick 244 Dolphins Cincinnati Gerrid Doaks
1%
2019 Round 5 Pick 154 Panthers Florida Jordan Scarlett
1%
2018 Round 5 Pick 169 Colts Ole Miss Jordan Wilkins
1%
2021 Round 6 Pick 198 Chargers Missouri Larry Rountree
1%
2020 Round 7 Pick 246 Dolphins Navy Malcolm Perry
1%
2018 Round 4 Pick 112 Bengals Miami Mark Walton
1%
2018 Round 7 Pick 237 Lions San Diego State Nick Bawden
1%
2019 Round 6 Pick 211 Bengals Oklahoma Rodney Andersonn
0%
No matching quizzes found
Score Distribution
Percent of People with Each Score
Percentile by Number Answered
Your Score History
You have not taken this quiz